000 00348 a2200169 4500
001 70289
020 _a8508058195
040 _cAnchieta - Itaigara
100 _aRagache, Gilles
240 1 0 _aA Europa
_lpor
245 1 0 _aA Europa
300 _a48
362 0 _a1996
440 1 _aÁtica
650 4 _aLiteratura infanto-juvenil
942 _cBK
999 _c70289
_d70289